| 000 | 00497nmm a2200169Ia 4500 | ||
|---|---|---|---|
| 008 | 251105s9999||||xx |||||||||||||||||und|| | ||
| 020 | _a9788416363940 | ||
| 041 | _aspa | ||
| 100 | _aQuintana, Leire | ||
| 245 | 0 |
_aUna canción inesperada : _b Un testimonio bello y enriquecedor |
|
| 264 |
_a[Madrid, España] : _bMaeva Ediciones, _c2016 |
||
| 300 | _a175 páginas | ||
| 490 | _aMaeva Inspira | ||
| 650 | _aBiography | ||
| 856 | _uhttps://public.digitaliapublishing.com/a/44644 | ||
| 942 | _cCF | ||
| 999 |
_c77617 _d77617 |
||